Dental management of the medically compromised patient : (Record no. 18241)
[ view plain ]
| 000 -LEADER | |
|---|---|
| fixed length control field | 00975cam a2200289 a 4500 |
| 001 - CONTROL NUMBER | |
| control field | 17091493 |
| 005 - DATE AND TIME OF LATEST TRANSACTION | |
| control field | 20161020113414.0 |
| 008 - FIXED-LENGTH DATA ELEMENTS--GENERAL INFORMATION | |
| fixed length control field | 140429t2013 xxua frb 001 0 eng d |
| 010 ## - LIBRARY OF CONGRESS CONTROL NUMBER | |
| LC control number | 2011052299 |
| 020 ## - INTERNATIONAL STANDARD BOOK NUMBER | |
| International Standard Book Number | 9780323080286 (pbk. : alk. paper) |
| 040 ## - CATALOGING SOURCE | |
| Original cataloging agency | DNLM/DLC |
| Transcribing agency | DLC |
| Modifying agency | DLC |
| 082 00 - DEWEY DECIMAL CLASSIFICATION NUMBER | |
| Classification number | 617.6 |
| Edition number | 22 |
| Item number | DEN |
| 245 00 - TITLE STATEMENT | |
| Title | Dental management of the medically compromised patient : |
| Remainder of title | little and falace's / |
| Statement of responsibility, etc | James W. Little ... [et al.] |
| 250 ## - EDITION STATEMENT | |
| Edition statement | 8th ed. |
| 260 ## - PUBLICATION, DISTRIBUTION, ETC. (IMPRINT) | |
| Place of publication, distribution, etc | St. Louis, United States : |
| Name of publisher, distributor, etc | Elsevier / Mosby, |
| Date of publication, distribution, etc | c.2013. |
| 300 ## - PHYSICAL DESCRIPTION | |
| Extent | [Various pagings] : |
| Other physical details | ill. (col.) ; |
| Dimensions | 28 cm. |
| 500 ## - GENERAL NOTE | |
| General note | Includes appendixes. |
| 500 ## - GENERAL NOTE | |
| General note | Index : p. 631-659. |
| 504 ## - BIBLIOGRAPHY, ETC. NOTE | |
| Bibliography, etc | Bibliography : p. 628-630. |
| 650 20 - SUBJECT ADDED ENTRY--TOPICAL TERM | |
| Topical term or geographic name as entry element | Dental Care for Chronically Ill |
| 9 (RLIN) | 35940 |
| 650 20 - SUBJECT ADDED ENTRY--TOPICAL TERM | |
| Topical term or geographic name as entry element | Oral Manifestations |
| 9 (RLIN) | 35941 |
| 653 ## - INDEX TERM--UNCONTROLLED | |
| Resource For college | |
| Arrived date list | April2014 |
| 655 ## - INDEX TERM--GENRE/FORM | |
| Form subdivision | |
| -- | 33728 |
| 650 10 - SUBJECT ADDED ENTRY--TOPICAL TERM | |
| 9 (RLIN) | 35939 |
| Topical term or geographic name as entry element | Dental Care |
| 700 1# - ADDED ENTRY--PERSONAL NAME | |
| Personal name | Little, James W., |
| Dates associated with a name | 1934- |
| 9 (RLIN) | 35942 |
| 942 ## - ADDED ENTRY ELEMENTS (KOHA) | |
| Source of classification or shelving scheme | Dewey Decimal Classification |
| Call number prefix | 617.6 DEN |
| Withdrawn status | Item status | Source of classification or shelving scheme | Damaged status | Not for loan | Vendor | Home library | Current library | Shelving location | Date acquired | Source of acquisition | Cost, normal purchase price | Total Checkouts | Full call number | Barcode | Date last seen | Cost, replacement price | Koha item type | Total Renewals | Date last borrowed | Checked out |
|---|---|---|---|---|---|---|---|---|---|---|---|---|---|---|---|---|---|---|---|---|
| Dewey Decimal Classification | Baccah | Central Library | Central Library | First floor | 29/04/2014 | 530.00 | 617.6 DEN | 000035917 | 15/07/2025 | 662.50 | NB - Book (Non borrowing) | |||||||||
| Dewey Decimal Classification | Baccah | Central Library | Central Library | First floor | 29/04/2014 | 530.00 | 1 | 617.6 DEN | 000035918 | 15/07/2025 | 662.50 | Book - Borrowing | 5 | 13/03/2019 | ||||||
| Dewey Decimal Classification | Baccah | Central Library | Central Library | First floor | 29/04/2014 | 530.00 | 1 | 617.6 DEN | 000035919 | 15/07/2025 | 662.50 | Book - Borrowing | 07/02/2024 | |||||||
| Dewey Decimal Classification | Baccah | Central Library | Central Library | First floor | 29/04/2014 | 530.00 | 2 | 617.6 DEN | 000035920 | 15/07/2025 | 662.50 | Book - Borrowing | 1 | 26/03/2019 | ||||||
| Dewey Decimal Classification | Baccah | Central Library | Central Library | First floor | 29/04/2014 | 530.00 | 1 | 617.6 DEN | 000035921 | 15/07/2025 | 662.50 | Book - Borrowing | 2 | 18/03/2025 | ||||||
| Dewey Decimal Classification | Baccah | Central Library | Central Library | First floor | 29/04/2014 | 530.00 | 4 | 617.6 DEN | 000035922 | 16/07/2019 | 662.50 | Book - Borrowing | 32 | 16/07/2019 | 28/05/2022 |